| 000 | 00526nam a2200157 i 4500 | ||
|---|---|---|---|
| 001 | 94365 | ||
| 003 | ES-MaACL | ||
| 007 | t| | ||
| 008 | 050428s1953 sp ||||1| spa d | ||
| 100 | 1 |
_aLorente Martínez-Pontremuli, Rafael. _974117 |
|
| 245 | 1 | 0 |
_aPoemas sin nombre / _cRafael Lorente Martinez-Pontrémuli; dibujos de María del Carmen García-Mauriño. |
| 260 |
_aMadrid : _bEstades, _c1953. |
||
| 300 |
_a124 p. ; _c26 cm. |
||
| 700 | 1 |
_aGarcía-Mauriño, María del Carmen. _954927 |
|
| 852 |
_aES-MaACL _jC-5979 _bR.35247 |
||
| 999 |
_c94365 _d94365 |
||